000 00635nam a2200253Ia 4500
005 20260306154601.0
008 008 260114s9999 xx 000 0 eng d
020 _a9781107338746
037 _aEBOOK
040 _aCRL
040 _beng
040 _cCRL
041 _2eng
041 _aeng
084 _qCRL
100 _aMach/Jourdain
_91127834
245 0 _aHistory and Root of the Principle of the Conservation of Energy
260 _bCambridge University Press
260 _c2014
650 _a Philosophy
856 _uhttps://doi.org/10.1017/CBO9781107338746
942 _cEBOOK
999 _c1708118
_d1708118